La condición jurídica del espacio aéreo ante el derecho internacional (Record no. 38192)

MARC details
000 -LEADER
campo de control de longitud fija 00702nam a2200181 i 4500
001 - NÚMERO DE CONTROL
campo de control 38192
003 - IDENTIFICADOR DE NÚMERO DE CONTROL
campo de control ES-MaACL
005 - FECHA Y HORA DE LA ÚLTIMA TRANSACCIÓN
campo de control 20230906155720.0
007 - CAMPO FIJO DE DESCRIPCIÓN FÍSICA--INFORMACIÓN GENERAL
campo de control de longitud fija t|
008 - DATOS DE LONGITUD FIJA--INFORMACIÓN GENERAL
campo de control de longitud fija 030224s1913 sp ||||1| spa d
100 1# - ENTRADA PRINCIPAL--NOMBRE DE PERSONA
Nombre de persona Calatayud Ortizá, Antonio.
9 (RLIN) 33541
245 13 - MENCIÓN DEL TÍTULO
Título La condición jurídica del espacio aéreo ante el derecho internacional
Resto del título : Memoria leida en el ejercicio del grado de Doctor en Derecho /
Mención de responsabilidad, etc. por Antonio de Calatayud Ortizá.
260 ## - PUBLICACIÓN, DISTRIBUCIÓN, ETC.
Lugar de publicación, distribución, etc. Valencia :
Nombre del editor, distribuidor, etc. [s.n.],
Fecha de publicación, distribución, etc. 1913 (
Fabricante Est. Tip. de F. Vives Mora)
300 ## - DESCRIPCIÓN FÍSICA
Extensión 166 p. ;
Dimensiones 20 cm.
502 ## - NOTA DE TESIS
Nota de tesis Tesis doctoral.
650 #4 - PUNTO DE ACCESO ADICIONAL DE MATERIA--TÉRMINO DE MATERIA
Término de materia o nombre geográfico como elemento de entrada Espacio aéreo (Derecho internacional)
9 (RLIN) 163608
852 ## - LOCALIZACIÓN
Ubicación ES-MaACL
Número de control de estantería T-1356-F-2
Nota libre .- Ded. autogr. del autor
Holdings
Estatus retirado Estado de pérdida Estado de daño No para préstamo Colección Biblioteca de origen Biblioteca actual Ubicación en estantería Fecha de adquisición Fuente de adquisición Total de préstamos Signatura topográfica completa Código de barras Visto por última vez Precio de reemplazo Tipo de ítem Koha
        Colección de folletos Biblioteca del Ateneo de Madrid Biblioteca del Ateneo de Madrid Depósito folletos 17/01/2008     T-1356-F-2 1040205 23/02/2023 23/02/2023 Folleto